| 000 | 00000cas 2200000zi 4500 |
| 001 | 9.939527 |
| 003 | CaOODSP |
| 005 | 20260508080133 |
| 006 | m o d f |
| 007 | cr cn |||||||| |
| 008 | 240619c20249999oncar p o f0###b0fre|d |
| 022 | |a2818-4238 |
| 040 | |aCaOODSP|bfre|erda|cCaOODSP |
| 043 | |an-cn--- |
| 086 | 1 |aIN3-44F-PDF |
| 110 | 2 |aBureau du surintendant des institutions financières Canada.|eauteur, |eorganisme de publication. |
| 222 | 0|aRapport du BSIF en vertu de la Loi sur la lutte contre le travail forcé et le travail des enfants dans les chaînes d'approvisionnement |
| 245 | 10|aRapport du BSIF en vertu de la Loi sur la lutte contre le travail forcé et le travail des enfants dans les chaînes d'approvisionnement. |
| 246 | 3 |aRapport du Bureau du surintendant des institutions financières en vertu de la Loi sur la lutte contre le travail forcé et le travail des enfants dans les chaînes d’approvisionnement |
| 264 | 1|aOttawa, ON : |bBureau du surintendant des institutions financières Canada = Office of the Superintendent of Financial Institutions Canada, |c[2024]- |
| 310 | |aAnnuel |
| 336 | |atexte|btxt|2rdacontent/fre |
| 337 | |ainformatique|bc|2rdamedia/fre |
| 338 | |aressource en ligne|bcr|2rdacarrier/fre |
| 362 | 1 |aParaît depuis : 31 mai 2024. |
| 500 | |aPublié aussi en anglais sous le titre : OSFI's annual report under the Fighting Against Forced Labour and Child Labour in Supply Chains Act. |
| 588 | |aDescription d'après : 31 mai 2024; titre de la page couverture du fichier PDF. |
| 588 | |aDernière livraison consultée : 31 mai 2024. |
| 610 | 26|aBureau du surintendant des institutions financieĢres Canada|vPériodiques. |
| 610 | 16|aCanada. |tLoi sur la lutte contre le travail forcé et le travail des enfants dans les chaînes d'approvisionnement |vPériodiques. |
| 650 | 6|aTravail forcé|zCanada|xPrévention|vPériodiques. |
| 650 | 6|aEnfants|xTravail|zCanada|xPrévention|vPériodiques. |
| 655 | 7|aPériodiques|2rvmgf |
| 775 | 08|tOSFI's annual report under the Fighting Against Forced Labour and Child Labour in Supply Chains Act.|w(CaOODSP)9.939525 |